Mercedes-Benz W... - Statystyki

Ogólne statystyki
  • Ten quiz został rozwiązany 18 razy
  • Średni wynik to 13 z 24
Statystyki odpowiedzi
Hint Odpowiedź % Poprawnych
1984-1997 W124
87%
2000-2007 W203
87%
1995-2002 W210
87%
1982-1993 W201
80%
1993-2000 W202
80%
2007-2014 W204
80%
2002-2009 W211
80%
1998-2005 W220
80%
1975-1986 W123
73%
2002-2009 W209
73%
2009-2016 W212
67%
1979-1991 W126
60%
1997-2002 W208
60%
2005-2013 W221
60%
1972-1980 W116
53%
1967-1976 W114/115
47%
1991-1998 W140
47%
1965-1972 W108/109
33%
2005-2011 W164
20%
1997-2004 W168
20%
2004-2012 W169
20%
1997-2005 W163
13%
2011-2015 W166
13%
2012-2018 W176
7%
Nie znaleziono quizów pasujących do podanych kryteriów
Rozkład punktacji
Procent ludzi z każdym wynikiem
Percentyl według liczby udzielonych odpowiedzi
Twoja historia wyników
Nie rozwiązałeś tego quizu